000 01024nam0a22002531 4500
001 rc\2815697
005 20250806211110.0
035 _a(NLR Aleph) 006941442
090 _a39850
_c39850
100 _a20110915d1945 u y0rusy50 ca
101 0 _arus
102 _aRU
105 _ay z |||||
200 1 _aПравильное выращивание цыплят
_e(Пособие для работников колхоз. птицеферм)
_fКанд. биол. наук А. А. Прево
_gИсполком Валуйск. район. сов. деп. трудящихся Курской обл.
210 _aВалуйки
_cтип. газ. "Знамя коммуны"
_d1945
215 _a12 с., без обл.
_d22 см.
700 1 _aПрево
_bА.А.
_gАнатолий Анатольевич
801 0 _aRU
_bNLR
_gpsbo
801 1 _aRU
_bELAR
_2rusmarc
852 _aNLR
_jС90 Г-6/78
942 _cBOOK
945 _aРоссийская национальная библиотека
980 _aNB
980 _aBV